=LDR 00000nam 2200000 4500 =001 NUTBA000000000001648 =005 20140508110956.0 =006 =007 =008 =020 ##$$a 978-979-1336-95-6 =035 ##$$0010-051400000000113 =082 ##$$a 958.94 =090 ##$$a 958.94 $b Kha a =100 ##$$a Ahmad Ghazali Khairi =245 ##$$a Air mata Palestina $c Ahmad Ghazali Khairi, Amin Bukhari =260 ##$$a Jakarta $b Hi-Fest Publishing $c 2009 =300 ##$$a 227 hlm $b Ilus $c 23 cm. =850 ##$$a NBPNMAT =990 ##$$a 0029/BPAP-NTB/2017